The development of the soviet economic system / (Record no. 30531)

MARC details
000 -LEADER
campo de control de longitud fija 00750nam a2200205 i 4500
001 - NÚMERO DE CONTROL
campo de control 30531
003 - IDENTIFICADOR DE NÚMERO DE CONTROL
campo de control ES-MaACL
005 - FECHA Y HORA DE LA ÚLTIMA TRANSACCIÓN
campo de control 20230906154217.0
007 - CAMPO FIJO DE DESCRIPCIÓN FÍSICA--INFORMACIÓN GENERAL
campo de control de longitud fija t|
008 - DATOS DE LONGITUD FIJA--INFORMACIÓN GENERAL
campo de control de longitud fija 030124s1947 xxk ||||1| eng d
100 1# - ENTRADA PRINCIPAL--NOMBRE DE PERSONA
Nombre de persona Baykov, Alexander.
9 (RLIN) 26669
245 14 - MENCIÓN DEL TÍTULO
Título The development of the soviet economic system /
Mención de responsabilidad, etc. by Alexander Baykov.
250 ## - MENCION DE EDICION
Mención de edición [american edition].
260 ## - PUBLICACIÓN, DISTRIBUCIÓN, ETC.
Lugar de publicación, distribución, etc. Cambridge, etc. :
Nombre del editor, distribuidor, etc. University Press,
Fecha de publicación, distribución, etc. 1947.
300 ## - DESCRIPCIÓN FÍSICA
Extensión XV, 514 p. ;
Dimensiones 22 cm.
490 1# - MENCIÓN DE SERIE
Mención de serie The National Institute of Economic and Social research. Economic and social studies ;
Designación de volumen o secuencia 5
830 0# - PUNTO DE ACCESO ADICIONAL DE SERIE-TÍTULO UNIFORME
Título uniforme The National Institute of Economic and Social research. Economic and social studies ;
Designación de volumen o secuencia 5
9 (RLIN) 229341
852 ## - LOCALIZACIÓN
Ubicación ES-MaACL
Número de control de estantería C-5376
Sublocalización o colección R.25596
Holdings
Estatus retirado Estado de pérdida Estado de daño No para préstamo Biblioteca de origen Biblioteca actual Ubicación en estantería Fecha de adquisición Fuente de adquisición Total de préstamos Signatura topográfica completa Código de barras Visto por última vez Precio de reemplazo Tipo de ítem Koha
        Biblioteca del Ateneo de Madrid Biblioteca del Ateneo de Madrid Sala Palomar 17/01/2008     C-5376 1031528 23/02/2023 23/02/2023 Libro impreso